000 00273nam a22001337a 4500
003 SGT
020 _a9781847326430
082 _bBRO
100 _aBROOM,DAVE
245 _aTHE COMPLETE BARTENDERS GUIDE
260 _aCARLTON BOOK
_c2011
300 _a399
942 _2ddc
_cBK
999 _c16691
_d16691